000 00339nam a2200133Ia 4500
999 _c14087
_d14087
003 OSt
005 20260327151611.0
008 260210s9999 xx 000 0 und d
020 _a9789810995003
100 _aBasheer
245 0 _aCollection Of The 22nd Asia-Pacific Interior Design Awards Vol. 2
260 _bBasheer
942 _cBDES
_2ddc